| 000 | 00959nam a22001937a 4500 | ||
|---|---|---|---|
| 005 | 20100831111253.0 | ||
| 010 | _aHIN-90224 | ||
| 020 |
_c175.00 _a9788189924270 |
||
| 035 | _aHN-62570 | ||
| 037 | _bDBAD / PUB | ||
| 082 | _a821.08 | ||
| 100 |
_aपाण्डेय, कृपाशंकर _917644 |
||
| 245 |
_aसर्वेश्वर, मुक्तिबोध और अज्ञेय / _cकृपाशंकर पाण्डेय |
||
| 260 |
_aइलाहाबाद _bजयभारती प्रकाशन _c2009 |
||
| 270 |
_a267 बी, माया प्रेस रोड _bइलाहाबाद _e211003 |
||
| 300 |
_a156पृ. _c22सेमी (सजिल्द) |
||
| 942 |
_2ddc _cHN _h821.08 _mपाण्डेय |
||
| 999 |
_c43209 _d43209 |
||